ARRUPE JESUIT UNIVERSITY

CORONAVIRUS -STOP THE SPREAD - CLEAN,DISINFECT,COVER

To end hunger : (Record no. 121254)

MARC details
000 -LEADER
fixed length control field 01571cam a2200325 a 4500
001 - CONTROL NUMBER
control field 4720573
003 - CONTROL NUMBER IDENTIFIER
control field ARRUPE
005 - DATE AND TIME OF LATEST TRANSACTION
control field 20141114130824.0
008 - FIXED-LENGTH DATA ELEMENTS--GENERAL INFORMATION
fixed length control field 830602s1983 xx a b 100 0 eng
010 ## - LIBRARY OF CONGRESS CONTROL NUMBER
LC control number 83142712
020 ## - INTERNATIONAL STANDARD BOOK NUMBER
Terms of availability $5.00 (pbk.)
040 ## - CATALOGING SOURCE
Original cataloging agency DLC
Transcribing agency DLC
Modifying agency DLC
050 00 - LIBRARY OF CONGRESS CALL NUMBER
Classification number HD9000.5
Item number .C52 1981
082 00 - DEWEY DECIMAL CLASSIFICATION NUMBER
Classification number 363.8/83
Edition number 19
300 ## - PHYSICAL DESCRIPTION
Other physical details ill. ;
Dimensions 22 cm.
111 2# - MAIN ENTRY--MEETING NAME
Meeting name or jurisdiction name as entry element Church-University Conference on World Hunger
Date of meeting (1981 :
Location of meeting Madison, Wis.)
9 (RLIN) 12684
245 10 - TITLE STATEMENT
Title To end hunger :
Remainder of title an exploration of alternative strategies in the struggle against world hunger, the report of the Church-University Conference on World Hunger /
Statement of responsibility, etc Louis L. Knowles, editor ; sponsored by the Coordinating Council for Hunger Concerns of the National Council of the Churches of Christ in the U.S.A.
260 ## - PUBLICATION, DISTRIBUTION, ETC. (IMPRINT)
Place of publication, distribution, etc [S.l.] :
Name of publisher, distributor, etc The Council ;
Place of publication, distribution, etc New York, N.Y. :
Name of publisher, distributor, etc To order, write to Hunger Action Fund, UCBWM,
Date of publication, distribution, etc c1983.
300 ## - PHYSICAL DESCRIPTION
Extent 264 p. :
504 ## - BIBLIOGRAPHY, ETC. NOTE
Bibliography, etc Includes bibliographical references.
650 #0 - SUBJECT ADDED ENTRY--TOPICAL TERM
Topical term or geographic name as entry element Food supply
General subdivision Congresses.
9 (RLIN) 12685
650 #0 - SUBJECT ADDED ENTRY--TOPICAL TERM
Topical term or geographic name as entry element Food relief
General subdivision Congresses.
9 (RLIN) 12686
650 #0 - SUBJECT ADDED ENTRY--TOPICAL TERM
Topical term or geographic name as entry element Agricultural assistance
General subdivision Congresses.
9 (RLIN) 12687
650 #0 - SUBJECT ADDED ENTRY--TOPICAL TERM
Topical term or geographic name as entry element Food supply
General subdivision Research
-- Congresses.
9 (RLIN) 12688
650 #0 - SUBJECT ADDED ENTRY--TOPICAL TERM
Topical term or geographic name as entry element Food relief
General subdivision Research
-- Congresses.
9 (RLIN) 12689
650 #0 - SUBJECT ADDED ENTRY--TOPICAL TERM
Topical term or geographic name as entry element Agricultural assistance
General subdivision Research
-- Congresses.
9 (RLIN) 12690
700 1# - ADDED ENTRY--PERSONAL NAME
Personal name Knowles, Louis L.
9 (RLIN) 12691
710 2# - ADDED ENTRY--CORPORATE NAME
Corporate name or jurisdiction name as entry element National Council of the Churches of Christ in the United States of America.
Subordinate unit Coordinating Council for Hunger Concerns.
9 (RLIN) 12692
906 ## - LOCAL DATA ELEMENT F, LDF (RLIN)
a 7
b cbc
c orignew
d 2
e ncip
f 19
g y-gencatlg
942 ## - ADDED ENTRY ELEMENTS (KOHA)
Source of classification or shelving scheme Library of Congress Classification
Koha item type Monograph ( Printed materials)
Holdings
Withdrawn status Lost status Source of classification or shelving scheme Damaged status Not for loan Collection code Home library Current library Shelving location Date acquired Total Checkouts Full call number Barcode Date last seen Price effective from Koha item type
    Library of Congress Classification     Main Collection ARRUPE LIBRARY ARRUPE LIBRARY Main Collection 14/11/2014   HD9000.5 .C52 1983 46500003657 14/11/2014 14/11/2014 Monograph ( Printed materials)

 

Arrupe Library. PO Box MP320 Mt Pleasant, Harare, Zimbabwe
263 242 745411|librarian@aju.ac.zw